[Event "25. Copenhagen Open  (Politiken Cup)"]
[Site "Copenhagen"]
[Date "2003.07.23"]
[Round "9"]
[White "Lisdorf, Bjorn"]
[Black "Nielsen, Poul Bang"]
[Result "0-1"]
[WhiteElo "1398"]
[BlackElo "1100"]
[PlyCount "72"]
[EventDate "2003.07.14"]
[EventType "swiss"]
[EventRounds "11"]
[EventCountry "DEN"]
[SourceDate "2004.01.01"]

1. e4 c5 2. d4 cxd4 3. c3 dxc3 4. Nxc3 d6 5. Nf3 Nc6 6. Bc4 e6 7. Bf4 a6 8. Rc1
b5 9. Nxb5 axb5 10. Bxe6 Bxe6 11. Rxc6 Qa5+ 12. Nd2 Nf6 13. O-O Bd7 14. Rc3 Be7
15. Qc2 O-O 16. e5 dxe5 17. Bxe5 Nd5 18. Rg3 Bf6 19. Bxf6 Nxf6 20. h4 Rad8 21.
Nf3 b4 22. Ng5 Bf5 23. Qb3 Ne4 24. Nxe4 Bxe4 25. Re1 Bg6 26. Rge3 Rd4 27. g3 h6
28. Re5 Qd8 29. h5 Bd3 30. Re7 Bc4 31. Qxb4 Be6 32. Qc3 Rd1 33. Ra7 Qd5 34. a3
Bh3 35. f3 Rxe1+ 36. Qxe1 Qxf3 0-1

[Event "25. Copenhagen Open  (Politiken Cup)"]
[Site "Copenhagen"]
[Date "2003.07.23"]
[Round "9"]
[White "Madsen, Poul Henrik"]
[Black "Richards, Heather"]
[Result "0-1"]
[WhiteElo "2080"]
[BlackElo "2233"]
[PlyCount "74"]
[EventDate "2003.07.14"]
[EventType "swiss"]
[EventRounds "11"]
[EventCountry "DEN"]
[SourceDate "2004.01.01"]

1. d4 e6 2. Nf3 f5 3. Nc3 Nf6 4. Bg5 Bb4 5. g3 d6 6. Bg2 Bxc3+ 7. bxc3 h6 8.
Bc1 O-O 9. Nd2 e5 10. dxe5 dxe5 11. Ba3 Re8 12. Nc4 Qxd1+ 13. Rxd1 Nbd7 14. O-O
Nb6 15. Na5 Rb8 16. c4 e4 17. Rd4 Be6 18. Rb1 Na4 19. Rxb7 Rxb7 20. Nxb7 Rb8
21. Nd8 Rb1+ 22. Bf1 c5 23. Nxe6 cxd4 24. Nxd4 Nb6 25. Nxf5 Nxc4 26. Bc5 Nd5
27. Ne3 Ndxe3 28. Bxe3 Kf7 29. h4 Ke6 30. Bf4 Kf5 31. Kg2 g5 32. hxg5 hxg5 33.
e3 Nd2 34. g4+ Kxg4 35. Be2+ Nf3 36. Bh2 Re1 37. Bb5 Nh4# 0-1

[Event "25. Copenhagen Open  (Politiken Cup)"]
[Site "Copenhagen"]
[Date "2003.07.23"]
[Round "9"]
[White "Manley, Christian"]
[Black "Pedersen, Steen"]
[Result "1-0"]
[WhiteElo "1613"]
[BlackElo "1865"]
[PlyCount "145"]
[EventDate "2003.07.14"]
[EventType "swiss"]
[EventRounds "11"]
[EventCountry "DEN"]
[SourceDate "2004.01.01"]

1. c4 c6 2. Nc3 d5 3. cxd5 cxd5 4. d4 Nc6 5. Nf3 Nf6 6. Bf4 e6 7. Qa4 Bb4 8. e3
Bxc3+ 9. bxc3 O-O 10. Bd3 h6 11. O-O Nh5 12. Bg3 Nxg3 13. hxg3 Bd7 14. Bb5 Nb8
15. Rab1 Bxb5 16. Qxb5 b6 17. Rfc1 Nd7 18. c4 dxc4 19. Qxc4 Nf6 20. Ne5 Ne4 21.
Qc6 Nf6 22. Qb7 Nd5 23. Nc6 Qe8 24. Nxa7 Qb8 25. Qxb8 Rfxb8 26. Nc6 Rb7 27. Rb2
Kf8 28. Ne5 g6 29. Nc4 Rc7 30. Rcc2 Rb7 31. Kf1 Ke7 32. Ke2 Rc7 33. f3 Rac8 34.
Na3 Rxc2+ 35. Nxc2 Ra8 36. Kd3 b5 37. e4 Nc7 38. a3 h5 39. Rb3 Kd6 40. Ne1 Kc6
41. f4 Rd8 42. Nf3 f6 43. Nh4 Na6 44. Ke3 Rg8 45. Nf3 Nc7 46. Nd2 Rd8 47. Rc3+
Kb6 48. Nb3 Rh8 49. Nc5 Rh7 50. Rb3 f5 51. a4 Re7 52. Nd3 Rg7 53. Ne5 Ka5 54.
axb5 Nxb5 55. Kd3 Rg8 56. Rb2 Rg7 57. Rc2 g5 58. exf5 exf5 59. d5 gxf4 60. gxf4
Rg3+ 61. Nf3 Kb6 62. Ke3 Rg6 63. Rc6+ Rxc6 64. dxc6 Kxc6 65. Nh4 Nc7 66. Nxf5
Ne6 67. Nd4+ Kd5 68. Nxe6 Kxe6 69. Ke4 h4 70. f5+ Kf7 71. Kf4 Kf6 72. Kg4 h3
73. gxh3 1-0

[Event "25. Copenhagen Open  (Politiken Cup)"]
[Site "Copenhagen"]
[Date "2003.07.23"]
[Round "9"]
[White "Matthiesen, Martin"]
[Black "Bering, Anders"]
[Result "1/2-1/2"]
[WhiteElo "2260"]
[BlackElo "2101"]
[PlyCount "73"]
[EventDate "2003.07.14"]
[EventType "swiss"]
[EventRounds "11"]
[EventCountry "DEN"]
[SourceDate "2004.01.01"]

1. d4 Nf6 2. c4 e6 3. g3 d5 4. Nf3 dxc4 5. Bg2 Nbd7 6. Nbd2 Nb6 7. O-O c5 8.
Nxc4 Nxc4 9. Qa4+ Bd7 10. Qxc4 b5 11. Qd3 c4 12. Qc2 Bc6 13. Bg5 Be7 14. Bxf6
Bxf6 15. b3 Rc8 16. bxc4 Bxf3 17. Bxf3 Qxd4 18. Rab1 Qxc4 19. Qd2 O-O 20. Qa5
Bd4 21. Rb3 Bb6 22. Qxb5 Rc5 23. Qd7 Ra5 24. Qd2 Rc5 25. Rd1 Qc2 26. Qxc2 Rxc2
27. a4 g6 28. Rd7 Ra2 29. Rb4 Rc8 30. Rf4 Rf8 31. h4 Rc2 32. Rb4 Rc7 33. Rd3
Rfc8 34. Rb5 Rc5 35. Rdb3 Rxb5 36. Rxb5 Rc5 37. Rxc5 1/2-1/2

[Event "25. Copenhagen Open  (Politiken Cup)"]
[Site "Copenhagen"]
[Date "2003.07.23"]
[Round "9"]
[White "Michelakis, George"]
[Black "Hector, Jonny"]
[Result "1-0"]
[WhiteElo "2405"]
[BlackElo "2538"]
[PlyCount "187"]
[EventDate "2003.07.14"]
[EventType "swiss"]
[EventRounds "11"]
[EventCountry "DEN"]
[SourceDate "2004.01.01"]

1. c4 Nf6 2. Nc3 e5 3. Nf3 Nc6 4. e3 Bb4 5. Qc2 Bxc3 6. Qxc3 Qe7 7. Be2 d5 8.
cxd5 Nxd5 9. Qb3 Nb6 10. d3 O-O 11. Bd2 Rd8 12. O-O Rd6 13. h3 Bf5 14. e4 Be6
15. Qa3 f5 16. Rac1 Nd7 17. Rfe1 Rf8 18. Bb4 Nxb4 19. Qxb4 fxe4 20. dxe4 c5 21.
Qxb7 Rb6 22. Qc7 Rxb2 23. Nxe5 Qf6 24. Nxd7 Qxf2+ 25. Kh1 Bxh3 26. Qh2 Rf4 27.
gxh3 Qxh2+ 28. Kxh2 Rxe4 29. Kg3 Rbxe2 30. Rxe2 Rxe2 31. a4 Re3+ 32. Kg2 Kf7
33. Rxc5 Re7 34. Ne5+ Ke6 35. Nc4 Rb7 36. Kf3 Rb3+ 37. Ne3 Kd6 38. Ra5 Rb7 39.
Ke4 Kc6 40. Kd4 Rd7+ 41. Kc4 Rf7 42. Rc5+ Kb7 43. Nd5 g5 44. Rb5+ Kc8 45. Kc5
Rg7 46. Rb4 h5 47. Kd6 Rg6+ 48. Ke5 Ra6 49. Rc4+ Kb7 50. Nf6 g4 51. h4 g3 52.
Kf5 g2 53. Rc1 Rxa4 54. Kg5 Ra5+ 55. Kf4 Rc5 56. Rg1 a5 57. Rxg2 Ka6 58. Ne4
Rc1 59. Kg5 Re1 60. Nc3 Re3 61. Na2 Re5+ 62. Kh6 Rc5 63. Rg6+ Kb7 64. Rg5 Rc4
65. Kxh5 Kb6 66. Rg2 Kb5 67. Kg5 Rc5+ 68. Kh6 Rc6+ 69. Kg7 Rc7+ 70. Kf6 Rc6+
71. Ke7 Rc7+ 72. Kd6 Rc6+ 73. Kd7 Rh6 74. Rg4 Rc6 75. Rg5+ Kb6 76. h5 Rc2 77.
h6 Rxa2 78. Rh5 Rd2+ 79. Ke7 Re2+ 80. Kf7 Rf2+ 81. Kg6 Rg2+ 82. Rg5 Rc2 83. h7
Rc8 84. Kg7 Rc7+ 85. Kh6 Rc8 86. Rg8 Rc1 87. h8=Q Rh1+ 88. Kg5 Rxh8 89. Rxh8
Kc5 90. Kf4 Kb4 91. Ke3 a4 92. Kd2 Kb3 93. Kc1 Ka2 94. Kc2 1-0

[Event "25. Copenhagen Open  (Politiken Cup)"]
[Site "Copenhagen"]
[Date "2003.07.23"]
[Round "9"]
[White "Mikkelsen, Nikolaj"]
[Black "Lund, Silas"]
[Result "1/2-1/2"]
[WhiteElo "2104"]
[BlackElo "2283"]
[PlyCount "62"]
[EventDate "2003.07.14"]
[EventType "swiss"]
[EventRounds "11"]
[EventCountry "DEN"]
[SourceDate "2004.01.01"]

1. e4 e6 2. d4 d5 3. e5 c5 4. c3 Nc6 5. Nf3 Bd7 6. Be2 Nge7 7. a3 cxd4 8. cxd4
Nf5 9. b4 Qb6 10. Be3 Rc8 11. O-O Be7 12. Bd3 Nxe3 13. fxe3 O-O 14. Nbd2 f5 15.
Nb3 Nd8 16. Nc5 Bb5 17. a4 Bxd3 18. Qxd3 Qxb4 19. Rfb1 Qc4 20. Qxc4 dxc4 21.
Nxb7 Nc6 22. Rc1 Nb4 23. Nd6 Bxd6 24. exd6 c3 25. Ra3 c2 26. Ne5 Rfd8 27. d7
Rc7 28. a5 Kf8 29. Kf2 Ke7 30. Ke2 Rb8 31. Kd2 a6 1/2-1/2

[Event "25. Copenhagen Open  (Politiken Cup)"]
[Site "Copenhagen"]
[Date "2003.07.23"]
[Round "9"]
[White "Mortensen, Henrik"]
[Black "Christensen, Christoffer"]
[Result "1-0"]
[WhiteElo "2027"]
[BlackElo "1599"]
[PlyCount "159"]
[EventDate "2003.07.14"]
[EventType "swiss"]
[EventRounds "11"]
[EventCountry "DEN"]
[SourceDate "2004.01.01"]

1. e4 d6 2. d4 Nf6 3. Nc3 g6 4. g3 Bg7 5. Bg2 O-O 6. Nge2 e5 7. h3 Nc6 8. Be3
a6 9. a4 Na5 10. b3 Nc6 11. O-O exd4 12. Nxd4 Nxd4 13. Bxd4 c5 14. Be3 Re8 15.
Qd3 Be6 16. Rad1 Bf8 17. f4 Qc7 18. f5 gxf5 19. exf5 Bd7 20. Nd5 Nxd5 21. Bxd5
Bc6 22. f6 Bxd5 23. Qxd5 Re5 24. Qd3 Rae8 25. Bf4 Re2 26. Rf2 Re1+ 27. Rxe1
Rxe1+ 28. Rf1 Rxf1+ 29. Kxf1 Qc6 30. Kf2 d5 31. Qf5 Qe6 32. Qg5+ Kh8 33. g4 Qe4
34. Qf5 Qxf5 35. gxf5 c4 36. Be5 Bc5+ 37. Ke2 cxb3 38. cxb3 Kg8 39. Kd3 Kf8 40.
Bc3 Ke8 41. b4 Bf2 42. Bd4 Be1 43. Bc5 Kd7 44. Kd4 b6 45. Be7 b5 46. axb5 axb5
47. Kxd5 Bf2 48. Bf8 Bg3 49. Kc5 Kc7 50. Kxb5 Be5 51. Be7 Kb7 52. Kc5 Kc7 53.
b5 Bf4 54. Bf8 h5 55. b6+ Kb7 56. Kb5 Be5 57. Be7 Bf4 58. Bd8 Bd6 59. Kc4 Kc6
60. Kd4 Bf4 61. Ke4 Bg5 62. Ke5 Be3 63. Ke4 Bg5 64. Kf3 Kb7 65. Kg3 Kc6 66. Kf2
Kb7 67. Ke2 Kc6 68. Kd3 Kb7 69. Kd4 Bf4 70. Kd5 Bg3 71. Bc7 Bxc7 72. bxc7 Kxc7
73. Ke5 Kc6 74. Kf4 Kd5 75. h4 Kd4 76. Kg5 Ke5 77. Kxh5 Kxf5 78. Kh6 Kxf6 79.
h5 Ke7 80. Kg7 1-0

[Event "25. Copenhagen Open  (Politiken Cup)"]
[Site "Copenhagen"]
[Date "2003.07.23"]
[Round "9"]
[White "Moller, Arne"]
[Black "Remman, Frank"]
[Result "1-0"]
[WhiteElo "1975"]
[BlackElo "1548"]
[PlyCount "59"]
[EventDate "2003.07.14"]
[EventType "swiss"]
[EventRounds "11"]
[EventCountry "DEN"]
[SourceDate "2004.01.01"]

1. e4 c5 2. Nf3 e6 3. d4 cxd4 4. Nxd4 a6 5. Nc3 Qc7 6. f4 d6 7. Be2 b5 8. a3
Bb7 9. O-O Nf6 10. Bf3 Nbd7 11. Kh1 Rc8 12. Qe1 Be7 13. Be3 Nb6 14. Rd1 Nc4 15.
Bc1 O-O 16. Rd3 Rfd8 17. b3 Nb6 18. Bb2 Nfd7 19. Bd1 Nc5 20. Rh3 d5 21. e5 Ne4
22. Nxe4 dxe4 23. Qg3 Bc5 24. f5 Rxd4 25. f6 g6 26. Bxd4 Bf8 27. Qh4 h6 28. Be3
Nd5 29. Bxh6 Nxf6 30. exf6 1-0

[Event "25. Copenhagen Open  (Politiken Cup)"]
[Site "Copenhagen"]
[Date "2003.07.23"]
[Round "9"]
[White "Naes, Flovin Tor"]
[Black "Koneru, Humpy"]
[Result "0-1"]
[WhiteElo "2330"]
[BlackElo "2468"]
[PlyCount "96"]
[EventDate "2003.07.14"]
[EventType "swiss"]
[EventRounds "11"]
[EventCountry "DEN"]
[SourceDate "2004.01.01"]

1. d4 Nf6 2. c4 e6 3. Nc3 d5 4. Nf3 Be7 5. Bg5 O-O 6. e3 b6 7. Bd3 Bb7 8. cxd5
exd5 9. Qc2 Nbd7 10. O-O g6 11. Nd2 c5 12. Rae1 a6 13. Qd1 b5 14. Bb1 b4 15.
Ne2 a5 16. f4 Ba6 17. Bh6 Re8 18. f5 Ng4 19. fxg6 fxg6 20. Bf4 Bg5 21. h4 Nxe3
22. Qb3 Bxf4 23. Rxf4 a4 24. Qxa4 Bxe2 25. Qc6 Ra6 26. Qb7 Rb6 27. Qa7 Bb5 28.
dxc5 Rbe6 29. Nf3 R6e7 30. Qb7 Qb8 31. Qxb8 Nxb8 32. Rxb4 Bd7 33. a3 Na6 34.
Rb7 Nxc5 35. Rc7 Na6 36. Ra7 Bc8 37. Ra8 Bb7 38. Ra7 Nc4 39. Rxe7 Rxe7 40. Bd3
Nc5 41. Bxc4 dxc4 42. Nd2 Re1+ 43. Kf2 Nd3+ 44. Kg3 Bd5 45. Rd7 Re3+ 46. Kh2
Nf4 47. Nxc4 Re2 48. Kg3 Nh5+ 0-1

[Event "25. Copenhagen Open  (Politiken Cup)"]
[Site "Copenhagen"]
[Date "2003.07.23"]
[Round "9"]
[White "Nielsen, Borge Hjerrild"]
[Black "Frisk, Hans"]
[Result "1/2-1/2"]
[WhiteElo "2134"]
[BlackElo "1980"]
[PlyCount "142"]
[EventDate "2003.07.14"]
[EventType "swiss"]
[EventRounds "11"]
[EventCountry "DEN"]
[SourceDate "2004.01.01"]

1. d4 d5 2. c4 c6 3. cxd5 cxd5 4. Nc3 Nf6 5. Bf4 Nc6 6. e3 Bf5 7. Bd3 Bxd3 8.
Qxd3 e6 9. Nf3 Be7 10. O-O O-O 11. Ne5 Nh5 12. Nxc6 bxc6 13. Be5 f6 14. Bg3
Nxg3 15. hxg3 c5 16. dxc5 Bxc5 17. Rfd1 Qe7 18. e4 dxe4 19. Qxe4 Rfd8 20. Na4
Rxd1+ 21. Rxd1 Rd8 22. Rxd8+ Qxd8 23. Qxe6+ Kf8 24. Nc3 Qd2 25. Qc8+ Kf7 26.
Qb7+ Kf8 27. Qa8+ Kf7 28. Qd5+ Qxd5 29. Nxd5 Bd4 30. Nc3 Ke6 31. Kf1 a6 32. Ke2
f5 33. Nd1 g5 34. Kd3 Bb6 35. b4 h5 36. a4 Kd5 37. Ne3+ Ke6 38. f3 Bc7 39. g4
fxg4 40. fxg4 hxg4 41. Ke4 g3 42. Nf5 Bf4 43. Nd4+ Kd6 44. Nf3 Bc1 45. Kd4 Bb2+
46. Kc4 Bf6 47. Nd4 Ke5 48. Kd3 Kd5 49. Ne2 Be7 50. Nc3+ Ke5 51. b5 axb5 52.
axb5 Bd8 53. Ne2 Kd5 54. Nxg3 Kc5 55. Ke4 Bc7 56. Ne2 Kxb5 57. Nd4+ Kb6 58. Ne6
Bg3 59. Nxg5 Kc7 60. Kf5 Be1 61. Nf3 Bc3 62. g4 Kd7 63. g5 Bb2 64. g6 Ke7 65.
Ne5 Kf8 66. Nd7+ Ke7 67. Nc5 Bd4 68. Ne4 Kf8 69. Ng3 Kg7 70. Nh5+ Kg8 71. Nf4
Bb2 1/2-1/2

[Event "25. Copenhagen Open  (Politiken Cup)"]
[Site "Copenhagen"]
[Date "2003.07.23"]
[Round "9"]
[White "Nielsen, Erik"]
[Black "Kristjansson, Atli Freyr"]
[Result "0-1"]
[WhiteElo "1389"]
[BlackElo "1560"]
[PlyCount "62"]
[EventDate "2003.07.14"]
[EventType "swiss"]
[EventRounds "11"]
[EventCountry "DEN"]
[SourceDate "2004.01.01"]

1. f4 c5 2. e4 e6 3. Nf3 d5 4. e5 Nc6 5. Bb5 Nge7 6. c3 a6 7. Ba4 b5 8. Bc2 Ng6
9. d4 cxd4 10. cxd4 Qc7 11. Be3 Nb4 12. Bxg6 hxg6 13. Nc3 Qc4 14. Qe2 Nd3+ 15.
Kd1 Bb4 16. Kc2 Nxb2 17. Qxc4 Nxc4 18. Bc1 Bd7 19. a3 Ba5 20. Rb1 Rc8 21. Rb3
Nb6 22. Kd3 Rc4 23. Nd2 Ke7 24. Nxc4 bxc4+ 25. Kc2 cxb3+ 26. Kxb3 Bxc3 27. Kxc3
Nc4 28. g3 Rb8 29. Rf1 Ba4 30. Re1 Rb3+ 31. Kc2 Re3+ 0-1

[Event "25. Copenhagen Open  (Politiken Cup)"]
[Site "Copenhagen"]
[Date "2003.07.23"]
[Round "9"]
[White "Nielsen, Jan Mose"]
[Black "Schmidt, Horst Hubert"]
[Result "1-0"]
[WhiteElo "2111"]
[BlackElo "1870"]
[PlyCount "81"]
[EventDate "2003.07.14"]
[EventType "swiss"]
[EventRounds "11"]
[EventCountry "DEN"]
[SourceDate "2004.01.01"]

1. e4 e6 2. d4 d5 3. Nc3 dxe4 4. Nxe4 Bd7 5. Nf3 Bc6 6. Bd3 Nd7 7. O-O Ngf6 8.
Ng3 Bd6 9. c4 Bxg3 10. hxg3 Be4 11. Re1 Bxd3 12. Qxd3 O-O 13. b3 c5 14. Bb2
cxd4 15. Qxd4 Qc7 16. g4 Rfd8 17. g5 Ne8 18. Qh4 Nf8 19. Ne5 Ng6 20. Nxg6 hxg6
21. Re3 Qa5 22. Rh3 Kf8 23. b4 Qf5 24. b5 Ke7 25. Ba3+ Kd7 26. Rf3 Qc2 27.
Rxf7+ Kc8 28. Qg4 Nc7 29. Re1 Qc3 30. Rxe6 Kb8 31. Qf4 Qa1+ 32. Kh2 Rh8+ 33.
Kg3 Qc3+ 34. Re3 Qa5 35. Bb4 Qb6 36. c5 Rc8 37. cxb6 axb6 38. Qxc7+ Rxc7 39.
Rf8+ Rc8 40. Bd6+ Ka7 41. Ra3# 1-0

[Event "25. Copenhagen Open  (Politiken Cup)"]
[Site "Copenhagen"]
[Date "2003.07.23"]
[Round "9"]
[White "Nilsson, Jonas"]
[Black "Pedersen, Bent O"]
[Result "1-0"]
[WhiteElo "1631"]
[BlackElo "2058"]
[PlyCount "77"]
[EventDate "2003.07.14"]
[EventType "swiss"]
[EventRounds "11"]
[EventCountry "DEN"]
[SourceDate "2004.01.01"]

1. e4 c5 2. Nf3 g6 3. Bc4 Bg7 4. c3 Nc6 5. d4 cxd4 6. cxd4 e6 7. d5 Na5 8. dxe6
fxe6 9. Bd3 Nf6 10. Nc3 O-O 11. Bg5 Qb6 12. Qd2 Nc6 13. h4 Ng4 14. Nd1 d5 15.
exd5 exd5 16. h5 Bf5 17. Bxf5 Rxf5 18. hxg6 Re8+ 19. Kf1 hxg6 20. Rh4 Qb5+ 21.
Kg1 Nce5 22. a4 Qc6 23. Rc1 Qe6 24. Nd4 Nc4 25. Nxe6 Nxd2 26. Rxg4 Rxe6 27.
Bxd2 Re2 28. Bc3 d4 29. Bxd4 Re1+ 30. Kh2 Rd5 31. Bxg7 Kxg7 32. Rc7+ Kh6 33.
Ne3 Rd2 34. Re4 Kh5 35. Rc5+ g5 36. g4+ Kg6 37. Kg2 Ree2 38. Rf5 Rd6 39. Ree5
1-0

[Event "25. Copenhagen Open  (Politiken Cup)"]
[Site "Copenhagen"]
[Date "2003.07.23"]
[Round "9"]
[White "Nilsson, Nils Specht"]
[Black "Hasling, Rolf Hjortkjaer"]
[Result "0-1"]
[WhiteElo "2149"]
[BlackElo "2040"]
[PlyCount "84"]
[EventDate "2003.07.14"]
[EventType "swiss"]
[EventRounds "11"]
[EventCountry "DEN"]
[SourceDate "2004.01.01"]

1. e4 c5 2. Nf3 Nc6 3. c3 d5 4. e5 Bf5 5. Bb5 Qb6 6. Qe2 c4 7. Bxc6+ bxc6 8.
Qe3 Bd3 9. e6 f6 10. b4 Nh6 11. a4 Ng4 12. Qxb6 axb6 13. Nd4 c5 14. Nb5 Kd8 15.
a5 Ne5 16. a6 Bxb1 17. Rxb1 Nd3+ 18. Ke2 Nf4+ 19. Kf3 Nxe6 20. Re1 Ng5+ 21. Ke2
Rxa6 22. bxc5 bxc5 23. d4 cxd3+ 24. Kxd3 Nf7 25. f4 e5 26. fxe5 Nxe5+ 27. Kc2
Kd7 28. Na3 Bd6 29. g4 Rb8 30. Rxb8 Bxb8 31. h3 c4 32. Nb5 Nd3 33. Rg1 Ra2+ 34.
Kb1 Rh2 35. g5 Be5 36. Ba3 fxg5 37. Rxg5 g6 38. Nd4 Rxh3 39. Kc2 Rg3 40. Rxg3
Bxg3 41. Nf3 Ne1+ 42. Nxe1 Bxe1 0-1

[Event "25. Copenhagen Open  (Politiken Cup)"]
[Site "Copenhagen"]
[Date "2003.07.23"]
[Round "9"]
[White "Nordfjord, Sverrir"]
[Black "Thestrup, Sixten"]
[Result "1/2-1/2"]
[WhiteElo "2057"]
[BlackElo "1704"]
[PlyCount "72"]
[EventDate "2003.07.14"]
[EventType "swiss"]
[EventRounds "11"]
[EventCountry "DEN"]
[SourceDate "2004.01.01"]

1. e4 c5 2. d4 cxd4 3. c3 dxc3 4. Nxc3 Nc6 5. Nf3 d6 6. Bc4 a6 7. O-O Nf6 8. e5
Ng4 9. e6 Bxe6 10. Bxe6 fxe6 11. Ng5 Nf6 12. Nxe6 Qd7 13. Re1 Nd8 14. Nd5 Nxd5
15. Qxd5 Nxe6 16. Rxe6 Rc8 17. Bf4 Rc5 18. Qe4 Qc6 19. Qe3 Kd7 20. Re1 Rd5 21.
h3 Qc5 22. Rxe7+ Bxe7 23. Qxe7+ Kc6 24. Rc1 Qxc1+ 25. Bxc1 Rd1+ 26. Kh2 Rxc1
27. Qxg7 Re8 28. Qxh7 Re2 29. Qf5 Rcc2 30. Kg1 Rc1+ 31. Kh2 Rcc2 32. Kg3 Rxb2
33. a4 Rb3+ 34. Kg4 Rb4+ 35. Kg3 Rb3+ 36. Kh2 Rbb2 1/2-1/2

[Event "25. Copenhagen Open  (Politiken Cup)"]
[Site "Copenhagen"]
[Date "2003.07.23"]
[Round "9"]
[White "Norton, Craig"]
[Black "Wilsbeck, Jan Borge"]
[Result "1-0"]
[WhiteElo "2127"]
[BlackElo "1975"]
[PlyCount "51"]
[EventDate "2003.07.14"]
[EventType "swiss"]
[EventRounds "11"]
[EventCountry "DEN"]
[SourceDate "2004.01.01"]

1. d4 Nf6 2. Nf3 g6 3. Nc3 d5 4. Bf4 Bg7 5. e3 O-O 6. Be2 c5 7. Ne5 cxd4 8.
exd4 a6 9. h4 h5 10. Qd2 Nc6 11. f3 Be6 12. O-O-O Rc8 13. g4 b5 14. Bh6 Na5 15.
Bxg7 Kxg7 16. Rdg1 Nc4 17. Bxc4 dxc4 18. gxh5 Nxh5 19. Qg5 Rh8 20. Nxg6 fxg6
21. Qxg6+ Kf8 22. Qxe6 b4 23. Ne4 c3 24. Rg5 cxb2+ 25. Kb1 Rc7 26. Rhg1 1-0

[Event "25. Copenhagen Open  (Politiken Cup)"]
[Site "Copenhagen"]
[Date "2003.07.23"]
[Round "9"]
[White "Nyback, Tomi"]
[Black "Semcesen, Daniel"]
[Result "1-0"]
[WhiteElo "2483"]
[BlackElo "2234"]
[PlyCount "73"]
[EventDate "2003.07.14"]
[EventType "swiss"]
[EventRounds "11"]
[EventCountry "DEN"]
[SourceDate "2004.01.01"]

1. Nf3 Nf6 2. c4 c6 3. Nc3 d5 4. d4 a6 5. c5 Bf5 6. Bf4 Nbd7 7. h3 e6 8. e3 Be7
9. Be2 Ne4 10. Nxe4 Bxe4 11. b4 O-O 12. O-O Bxf3 13. Bxf3 f5 14. Be2 Bf6 15.
Bd6 Re8 16. Bd3 g6 17. g4 e5 18. gxf5 e4 19. Bc2 Be7 20. Bf4 Bg5 21. Bh2 gxf5
22. Kh1 Kh8 23. Qh5 Qf6 24. Rg1 Rg8 25. Rg2 Qg6 26. Bd1 Raf8 27. Qxg6 Rxg6 28.
Bh5 Rg7 29. Rag1 Bh6 30. Rxg7 Bxg7 31. Bd6 Ra8 32. Bf7 Nf8 33. Rg5 a5 34. b5 a4
35. Rxf5 a3 36. b6 h6 37. Bxd5 1-0

[Event "25. Copenhagen Open  (Politiken Cup)"]
[Site "Copenhagen"]
[Date "2003.07.23"]
[Round "9"]
[White "Ottosen, Peder"]
[Black "Bjornes, Leif"]
[Result "0-1"]
[WhiteElo "1830"]
[BlackElo "1652"]
[PlyCount "88"]
[EventDate "2003.07.14"]
[EventType "swiss"]
[EventRounds "11"]
[EventCountry "DEN"]
[SourceDate "2004.01.01"]

1. d4 d5 2. c4 e6 3. Nc3 Nf6 4. cxd5 exd5 5. Bg5 c6 6. e3 Be7 7. Bd3 Bg4 8. Qc2
Nbd7 9. Nge2 Bh5 10. Nf4 Bg6 11. Nxg6 hxg6 12. O-O Nh5 13. Bxe7 Qxe7 14. b4 O-O
15. b5 Qd6 16. bxc6 Qxc6 17. Qb3 Nb6 18. Rfc1 Rfc8 19. Rc2 Nf6 20. Nb5 Qd7 21.
Nxa7 Rxc2 22. Bxc2 Nc4 23. Nb5 Qc6 24. Bd3 Ra5 25. a4 Nd7 26. Bxc4 dxc4 27. Qb4
Ra6 28. Rc1 Nb6 29. Ra1 Nd5 30. Qe1 c3 31. h3 c2 32. e4 Nf4 33. Kh2 Nd3 34. Qd2
c1=Q 35. Rxc1 Qxc1 36. Qxd3 Rxa4 37. Kg3 Qg5+ 38. Kf3 Ra2 39. e5 Rd2 40. Qe4
Rb2 41. Nd6 Rb3+ 42. Ke2 Qc1 43. h4 Qb2+ 44. Kf1 Qa1+ 0-1

[Event "25. Copenhagen Open  (Politiken Cup)"]
[Site "Copenhagen"]
[Date "2003.07.23"]
[Round "9"]
[White "Paaske, Asger"]
[Black "Schuetzhold, Frank"]
[Result "1-0"]
[WhiteElo "2162"]
[BlackElo "2063"]
[PlyCount "43"]
[EventDate "2003.07.14"]
[EventType "swiss"]
[EventRounds "11"]
[EventCountry "DEN"]
[SourceDate "2004.01.01"]

1. e4 d6 2. d4 Nf6 3. Nc3 g6 4. Be3 Bg7 5. Qd2 Ng4 6. Bg5 h6 7. Bh4 c6 8. f3
Nf6 9. O-O-O Qa5 10. Kb1 Be6 11. g4 g5 12. Bf2 Na6 13. h4 Nh7 14. Be3 O-O-O 15.
Nh3 f6 16. d5 Bd7 17. dxc6 Bxc6 18. Bxa7 b6 19. Nd5 Bxd5 20. Qxa5 bxa5 21. Rxd5
a4 22. Bxa6+ 1-0

[Event "25. Copenhagen Open  (Politiken Cup)"]
[Site "Copenhagen"]
[Date "2003.07.23"]
[Round "9"]
[White "Pallesen, Jacob"]
[Black "Jiretorn, Eva"]
[Result "1/2-1/2"]
[WhiteElo "2056"]
[BlackElo "2146"]
[PlyCount "78"]
[EventDate "2003.07.14"]
[EventType "swiss"]
[EventRounds "11"]
[EventCountry "DEN"]
[SourceDate "2004.01.01"]

1. d4 Nf6 2. c4 g6 3. Nc3 Bg7 4. e4 d6 5. Nge2 Nbd7 6. Ng3 c6 7. Be2 a6 8. Be3
h5 9. f3 e5 10. d5 c5 11. Qd2 h4 12. Nf1 Nh5 13. g3 Nf8 14. Bd3 Bd7 15. Ne2 f5
16. Bg5 Bf6 17. Bxf6 Qxf6 18. O-O-O b5 19. Ne3 bxc4 20. Nxc4 Bb5 21. Rhf1 Bxc4
22. Bxc4 f4 23. g4 Ng7 24. Qa5 Qd8 25. Qxd8+ Kxd8 26. Rd3 Kc7 27. Ra3 Kb7 28.
Kc2 Nd7 29. Kd3 Nb6 30. Nc1 Rhb8 31. Nb3 Nxc4 32. Kxc4 Kc7 33. Kc3 Kd7 34. Na5
g5 35. Nc6 Rb6 36. Rd1 Ne8 37. Rb3 Rxb3+ 38. Kxb3 Nc7 39. a4 Ne8 1/2-1/2

[Event "25. Copenhagen Open  (Politiken Cup)"]
[Site "Copenhagen"]
[Date "2003.07.23"]
[Round "9"]
[White "Pedersen, Audun"]
[Black "Helin, Mikael"]
[Result "1-0"]
[WhiteElo "1536"]
[BlackElo "1971"]
[PlyCount "105"]
[EventDate "2003.07.14"]
[EventType "swiss"]
[EventRounds "11"]
[EventCountry "DEN"]
[SourceDate "2004.01.01"]

1. d4 c5 2. d5 Nf6 3. c4 b5 4. cxb5 a6 5. bxa6 g6 6. Nc3 Bxa6 7. e4 Bxf1 8.
Kxf1 d6 9. g3 Bg7 10. Kg2 O-O 11. h3 Qb6 12. Nf3 Nbd7 13. Re1 Ne8 14. Qe2 Nc7
15. Nd2 Qb7 16. g4 e5 17. Nc4 Ra6 18. Be3 f5 19. gxf5 gxf5 20. Bg5 Nf6 21. f3
f4 22. Kh2 Nh5 23. Be7 Ng3 24. Qd3 Rf6 25. Bxf6 Bxf6 26. Rg1 Kh8 27. a4 Qa8 28.
Ra3 Ne8 29. Rb3 Bd8 30. Qc2 Qc8 31. Rb5 Qd7 32. Qb3 h5 33. Rb7 Bc7 34. Qb5 Qxb5
35. Rxb5 h4 36. Rb7 Ra8 37. Ra1 Nf6 38. Rxc7 Rb8 39. Nb5 Nh7 40. Ncxd6 Rf8 41.
Rc8 Ng5 42. Rxf8+ Kg7 43. Rc8 Nxf3+ 44. Kg2 Ng5 45. Nf5+ Nxf5 46. exf5 f3+ 47.
Kf2 e4 48. Rg1 Kf6 49. Rxg5 Kxg5 50. Ke3 f2 51. Kxf2 Kf4 52. f6 e3+ 53. Ke2 1-0

[Event "25. Copenhagen Open  (Politiken Cup)"]
[Site "Copenhagen"]
[Date "2003.07.23"]
[Round "9"]
[White "Pedersen, Rune Linnebo"]
[Black "Edvardsen, Ingar"]
[Result "1-0"]
[WhiteElo "1800"]
[BlackElo "1156"]
[PlyCount "79"]
[EventDate "2003.07.14"]
[EventType "swiss"]
[EventRounds "11"]
[EventCountry "DEN"]
[SourceDate "2004.01.01"]

1. e4 Nf6 2. e5 Nd5 3. Nc3 Nxc3 4. dxc3 Nc6 5. Nf3 e6 6. Bd3 d6 7. Qe2 d5 8.
Bf4 Be7 9. h4 d4 10. c4 a5 11. a3 Bc5 12. Rh3 Bd7 13. Ng5 g6 14. Ne4 Be7 15.
Qg4 f5 16. exf6 Bxf6 17. Bxc7 e5 18. Bxd8 Bxg4 19. Bxf6 Bxh3 20. Bxh8 Bxg2 21.
Bg7 Bxe4 22. Bxe4 O-O-O 23. Bxc6 bxc6 24. Bxe5 h6 25. O-O-O Re8 26. Bg3 Rd8 27.
Kd2 Kd7 28. Re1 Rf8 29. a4 c5 30. Re5 Rf5 31. Rxf5 gxf5 32. h5 Ke7 33. Bf4 Kf6
34. Bxh6 Ke5 35. Bf8 Kf6 36. Bxc5 Kg5 37. Bxd4 Kxh5 38. c5 f4 39. c6 f3 40. c7
1-0